Správy v médiách

Podrobná bibliografia
Hlavný autor: Bačišin, Vladimír, 1963- (Autor)
Médium: Kniha
Jazyk:slovenčina
Fyzický popis:109 s. 21 cm
Vydavateľské údaje: Bratislava Bačišin Tkáč Affairs 2015
ISBN:9788097189600
Predmet:

MARC

LEADER 00000nam a2200000 a 4500
001 vtls011555587
003 SK-MaSNL
005 20260512040422.0
008 240318s2015 xo g nf 000 0dslo
015 |a SNBA2016/06 
020 |a 9788097189600  |q (brož.) 
035 |a F3D06ACA-624F-43A0-A181-94354B9080DC 
035 |a urn:nbn:sk:snk-amtgnn 
035 |a urn:nbn:sk:snk-am00c1kg 
040 |a SNK  |b slo  |c SNK  |e AACR2 
041 0 |a slo 
044 |a xo  |c SK 
072 7 |a 070  |x Noviny. Tlač. Žurnalistika  |2 konspekt 
080 |a 070.431  |2 2011 
080 |a 316.774  |2 2011 
080 |a (035)  |2 2011 
100 1 |a Bačišin, Vladimír,  |d 1963-  |4 aut  |9 52522 
245 1 0 |a Správy v médiách  |c Vladimír Bačišin 
260 |a Bratislava  |b Bačišin Tkáč Affairs  |c 2015 
300 |a 109 s.  |c 21 cm 
366 |e Nepredajné 
500 |a Hrebeňová väzba 
500 |a Biogr. údaje 
504 |a Bibliogr. odkazy 
650 0 7 |a spravodajstvo  |2 SNKPH  |9 15209 
650 0 7 |a Reporting  |2 SNKPHeng  |9 104218 
650 0 7 |a médiá  |2 SNKPH  |9 1424 
650 0 7 |a médiá  |2 SNKPHeng  |9 1424 
655 7 |a príručky  |2 SNKPH  |9 74364 
655 7 |a Handbooks, manuals, etc.  |2 SNKPHeng  |9 90964 
919 |a 978-80-971896-0-0 
958 |a NB 
999 |c 950400  |d 952330 
952 |a SNK  |b SNK  |y PREZ  |7 0  |p 17A1196333  |o snkSC 170024  |i snk2016/13753  |8 0  |0 0  |1 0  |4 0  |d 2016-05-27  |f 1  |l 0  |r 2026-02-24 09:46:36  |w 2026-02-24